The JCT constructing excellence contract (Record no. 79229)
[ view plain ]
| 000 -LEADER | |
|---|---|
| fixed length control field | 01323cad a22002535a 4500 |
| 001 - CONTROL NUMBER | |
| control field | L140199 |
| 008 - FIXED-LENGTH DATA ELEMENTS--GENERAL INFORMATION | |
| fixed length control field | 070912e20070704xxk f 000 0 eng d |
| 035 ## - SYSTEM CONTROL NUMBER | |
| System control number | (Sirsi) u140199 |
| 041 0# - LANGUAGE CODE | |
| Language code of text/sound track or separate title | eng |
| 100 1# - MAIN ENTRY--PERSONAL NAME | |
| Personal name | Ho, Francis |
| 245 04 - TITLE STATEMENT | |
| Title | The JCT constructing excellence contract |
| Remainder of title | keeping it in the family |
| Medium | [electronic resource] |
| 260 ## - PUBLICATION, DISTRIBUTION, ETC. | |
| Date of publication, distribution, etc. | 2007 |
| 490 #0 - SERIES STATEMENT | |
| Series statement | RICS Feature |
| Volume/sequential designation | 4 July 2007 |
| 520 ## - SUMMARY, ETC. | |
| Summary, etc. | Looks at the JCT Constructing Excellence Contract and compares it with the established partnering alternatives, ACA's PPC 2000 and NEC Partnering Option X12. Outlines the format and structure of Constructing Excellence and lists its main features. A key advantage is its flexible two-contract approach, although Constructing Excellence will have tough opposition from PPC 2000 in the social housing sector. |
| 590 ## - LOCAL NOTE (RLIN) | |
| Local note | KA |
| 650 24 - SUBJECT ADDED ENTRY--TOPICAL TERM | |
| Topical term or geographic name entry element | JCT CONSTRUCTING EXCELLENCE CONTRACT (2006 EDITION) |
| 650 24 - SUBJECT ADDED ENTRY--TOPICAL TERM | |
| Topical term or geographic name entry element | PPC 2000 |
| 650 24 - SUBJECT ADDED ENTRY--TOPICAL TERM | |
| Topical term or geographic name entry element | NEC PARTNERING OPTION X12 (FIRST EDITION) |
| 651 #4 - SUBJECT ADDED ENTRY--GEOGRAPHIC NAME | |
| Geographic name | United Kingdom |
| Chronological subdivision | |
| 690 ## - LOCAL SUBJECT ADDED ENTRY--TOPICAL TERM (OCLC, RLIN) | |
| Topical term or geographic name as entry element | BUILT ENVIRONMENT-BUILDING CONTRACT FORMS-STANDARD FORMS OF BUILDING CONTRACT-JOINT CONTRACTS TRIBUNAL CONTRACTS |
| 710 2# - ADDED ENTRY--CORPORATE NAME | |
| Corporate name or jurisdiction name as entry element | Cameron McKenna |
| 9 (RLIN) | 3669 |
| 856 40 - ELECTRONIC LOCATION AND ACCESS | |
| Uniform Resource Identifier | <a href="https://www.rics.org/RICSWEB/getpage.aspx?p=yiYDq9uU50yn-4wmSNhSjw">https://www.rics.org/RICSWEB/getpage.aspx?p=yiYDq9uU50yn-4wmSNhSjw</a> |
| Public note | View the article free of charge at www.rics.org... |
| 942 ## - ADDED ENTRY ELEMENTS (KOHA) | |
| Suppress in OPAC | 0 |
| Withdrawn status | Lost status | Source of classification or shelving scheme | Damaged status | Not for loan | Home library | Current library | Shelving location | Date acquired | Total Checkouts | Full call number | Barcode | Date last seen | Copy number | Price effective from | Koha item type |
|---|---|---|---|---|---|---|---|---|---|---|---|---|---|---|---|
| Dewey Decimal Classification | Virtual | Virtual | Online | 12/09/2007 | ONLINE PUBLICATION | 140199-2001 | 06/08/2019 | 1 | 06/08/2019 | Journal article |